XXXII Aniversario de la Liberación / Federico Puig y Bosch
Publicado:
San Jorge, núm. 81 (1r trimestre 1971), pàg 84 :
MARC
| LEADER | 00000nam a2200000Ia 4500 | ||
|---|---|---|---|
| 001 | |||
| 008 | 160829s9999 xx 000 0 cat d | ||
| 100 | |a Puig y Bosch, Federico |9 29570 | ||
| 245 | |a XXXII Aniversario de la Liberación / Federico Puig y Bosch | ||
| 260 | |a San Jorge, núm. 81 (1r trimestre 1971), pàg 84 | ||
| 651 | 0 | |a Arenys de Mar (Catalunya) |9 64422 | |
| 651 | 0 | |a Barcelona (Catalunya) |x Història |y 1936-1939, Guerra Civil |9 55762 | |
| 901 | |a Arxiu | ||
| 942 | |n 1 | ||
| 952 | |0 0 |1 0 |4 0 |7 1 |9 52088 |a Arxiu |b Arxiu |d 2016-12-01 |l 0 |r 2016-12-01 00:00:00 |w 2016-12-01 |y ARXIU | ||
| 999 | |c 55936 |d 55936 | ||